000 00204nam a22000977a 4500
999 _c16255
_d16255
003 OSt
008 200626b ||||| |||| 00| 0 eng d
100 _aSoni
_94652
245 _aCollege Chemistry
942 _cBK